00772nam a2200193Ia 4500008004100000020001800041050002400059100002100083245015100104260004600255300002900301500005100330521000700381650002700388650001200415942001200427999001900439952012000458140609s9999 xx 000 0 und d a9781118094594 aBF 576b.St737 2013 aStein, Steven J. aThe student EQ edge :bemotional intelligence and youracademic and personal success /cSteven J. Stein, Howard E. Book, and Korrel Kanoy aSan Francisco, CA :bJossey-Bass,cc2013. a324 p. :bill. ;c23 cm. aIncludes bibliographical references and index. aGE aPsychological aspects. xSuccess kFORcBK c117930d117930 001040aCLbCLcRESd2014-06-09l4m9oBF 576 .St737 2013pC18218r2018-05-15 00:00:00s2017-11-11w2014-06-09yBK